|
|
|
|
| LEADER |
00726nam a2200265Ia 4500 |
| 008 |
240829s9999 xx 000 0 und d |
| 020 |
|
|
|a 968-7478-02-0
|
| 040 |
|
|
|a BIBLIOTECA-RUSB/ Ref 720 P723
|
| 041 |
|
|
|a spa
|
| 082 |
|
|
|a Ref 720 P723
|
| 100 |
1 |
|
|a Plazola Cisneros, Alfredo
|
| 100 |
1 |
|
|b Plazola Anguiano, Alfredo
|
| 100 |
1 |
|
|c Plazola Anguiano, Guillermo
|
| 245 |
1 |
0 |
|a Enciclopedia de Arquitectura Plazola : volumen 2
|
| 260 |
|
|
|a México
|b Plazola Editores
|c 1995
|
| 300 |
|
|
|a 640 p. :il.
|
| 650 |
7 |
|
|a ARQUITECTURA
|
| 650 |
7 |
|
|b BAÑOS
|
| 650 |
7 |
|
|c BANCOS
|
| 650 |
7 |
|
|d BIBLIOTECAS
|
| 650 |
7 |
|
|e TERMINALES Y PARADAS
|
| 650 |
7 |
|
|f ESTACIONES DE BOMBEROS
|
| 942 |
|
|
|c BK
|2 ddc
|
| 991 |
|
|
|a TEXTO
|
| 999 |
|
|
|c 6456
|